000 00338 a2200157 4500
001 184019
020 _a85-279-0380-6
040 _cMagnum
100 _aPrata, Liliane
240 1 0 _aO diário de Débora 2
_lpor
245 1 0 _aO diário de Débora 2
300 _a256
362 0 _a2005
697 _aLITERATURA JUVENIL
942 _cBK
999 _c184019
_d184019